Sosyal demokrasi'den "sosyal demokrasi"ye (Record no. 4284)

MARC details
000 -BAŞLIK
Sabit Uzunlukta Kontrol Alanı 00839na a2200277 4500
001 - KONTROL NUMARASI
Denetim Alanı 16985
003 - KONTROL NUMARASI IDENTIFIER
Denetim Alanı MIRAKIL
005 - SON İŞLEM TARİHİ VE ZAMANI
Denetim Alanı 20181213155000.0
008 - SABİT-BOY VERİ ELEMANLARI - GENEL BİLGİLER
Sabit Uzunlukta Kontrol Alanı 161019b tu 000 0
020 ## - ULUSLARARASI STANDART KİTAP NUMARASI
Uluslararası Standart Kitap Numarası 9754141312
040 ## - KATALOGLAMA KAYNAK
Orijinal Kataloglama Ajansı Milas
Kataloglama Dili tur
Metne Dönüştürmek Ajansı TR-AnCHP
041 ## - DİL KODU
Metin / Ses Parça Veya Ayrı Başlığın Dil Kodu tur
082 ## - DEWEY ONLU SINIFLANDIRMA NUMARASI
Sınıflandırma Numarası 320.5315
Ürün Numarası E56s [199?]
090 ## - SINIFLAMA NUMARASI
Sınıflama Numarası 320.5315 E56s [199?]
100 ## - ANA GİRİŞ - KİŞİSEL İSİM
Kişisel Ad Emrealp, Sadun
245 ## - BAŞLIK TABLOSU
Başlık Sosyal demokrasi'den "sosyal demokrasi"ye
Sorumluluk Tablosu, Vb Sadun Emrealp
246 ## - UNVAN FORM VARYING
Başlık Doğru / Kısa Başlığı Sosyal demokrasiden sosyal demokrasiye
260 ## - YAYIN, DAĞITIM, VB
Yayın, Dağıtım, Vb Yeri [İstanbul]
Yayıncı, Dağıtıcı, Vs Adı Afa Yayınları
Yayın, Dağıtım, Vb Tarihi [199?]
300 ## - FİZİKSEL TANIM
Kapsam 222 s.
Boyutlar 20 sm.
440 ## - SERİSİ TABLOSU / KATMA GİRİŞİ - BAŞLIK
Başlık Afa yayınları
490 ## - SERİSİ TABLOSU
Seri Beyanı 21. Yüzyıla Doğru dizisi
Hacim / Ardışık Tanımı 16
650 ## - KONU KATMA GİRİŞ - TOPİKAL DÖNEM
Topikal Süreli Veya Coğrafi Ad Giriş Elemanı Sosyalizm
Genel Alt Bölümü Felsefe ve kuram
Coğrafi Alt Bölümü Avrupa
650 ## - KONU KATMA GİRİŞ - TOPİKAL DÖNEM
Topikal Süreli Veya Coğrafi Ad Giriş Elemanı Sosyal demokrat partiler
Genel Alt Bölümü Tarih
Coğrafi Alt Bölümü Avrupa
650 ## - KONU KATMA GİRİŞ - TOPİKAL DÖNEM
Topikal Süreli Veya Coğrafi Ad Giriş Elemanı Sosyal demokrasi
Genel Alt Bölümü Felsefe ve kuram
942 ## - EKLENDİ GİRİŞ ELEMANLARI (KOHA)
Sınıflandırma Veya Raf Düzeni Kaynak
Koha Öğesi Türü Books
999 ## - SİSTEM KONTROL NUMARALARI (KOHA)
Koha Biblionumber 4284
Koha Biblioitemnumber 4284
Holdings
Kalıcı Konum Mevcut Konum Edinme Tarihi Edinim Kaynak Toplam Check-Out'Lar Tam Çağrı Numarası Barkod Tarih Son Görülme İtibaren Geçerli Fiyatlar Koha Öğesi Türü
CHP Kütüphanesi CHP Kütüphanesi 10/19/2016 Bağış   320.5315 E56s [199?] 006952 10/19/2016 10/19/2016 Books